<?xml version="1.0" encoding="UTF-8"?>
<record
    xmlns:xsi="http://www.w3.org/2001/XMLSchema-instance"
    xsi:schemaLocation="http://www.loc.gov/MARC21/slim http://www.loc.gov/standards/marcxml/schema/MARC21slim.xsd"
    xmlns="http://www.loc.gov/MARC21/slim">

  <leader>02105nam a22002657a 4500</leader>
  <controlfield tag="005">20190814115606.0</controlfield>
  <controlfield tag="008">170505b        pe||||| |||| 00| 0 spa d</controlfield>
  <datafield tag="040" ind1=" " ind2=" ">
    <subfield code="a">UTEA</subfield>
  </datafield>
  <datafield tag="041" ind1=" " ind2=" ">
    <subfield code="a">Es</subfield>
  </datafield>
  <datafield tag="044" ind1=" " ind2=" ">
    <subfield code="a">PE</subfield>
  </datafield>
  <datafield tag="082" ind1=" " ind2=" ">
    <subfield code="a">370.15</subfield>
    <subfield code="b">P77</subfield>
  </datafield>
  <datafield tag="100" ind1=" " ind2=" ">
    <subfield code="a">Ponce Chirinos, Alfredo</subfield>
    <subfield code="e">Autor</subfield>
  </datafield>
  <datafield tag="245" ind1=" " ind2=" ">
    <subfield code="a">Psicolog&#xED;a del Aprendizaje Escolar</subfield>
    <subfield code="c">Alfredo Ponce Chirinos</subfield>
  </datafield>
  <datafield tag="250" ind1=" " ind2=" ">
    <subfield code="a">a edici&#xF3;n</subfield>
  </datafield>
  <datafield tag="260" ind1=" " ind2=" ">
    <subfield code="a">Lima - Per&#xFA;</subfield>
    <subfield code="b">Centrro  de Educaci&#xF3;n a Distancia</subfield>
    <subfield code="c">1983</subfield>
  </datafield>
  <datafield tag="300" ind1=" " ind2=" ">
    <subfield code="a">71 p&#xE1;ginas.</subfield>
    <subfield code="c">15 x 19 cm.</subfield>
  </datafield>
  <datafield tag="505" ind1=" " ind2=" ">
    <subfield code="a">Psicolog&#xED;a del aprendizaje -- Una definici&#xF3;n de aprendizaje -- Fases del aprendizaje -- Teor&#xED;as para el proceso de aprendizaje -- Bases Fisiol&#xF3;gicas del aprendizaje -- Fisiolog&#xED;a-de la neurona -- Fisiolog&#xED;a general de la corteza --- Los centros receptores -- Los centros efectores -- areas piramidales -- &#xC1;reas extra piramidales corticales -- &#xC4;reas cortico oculocefalogiras -- Bases moleculares del aprendizaje -- Tipos de aprendizaje -- Teor&#xED;as del condicionamiento cl&#xE1;sico -- Reflejos condicionados -- Est&#xED;mulo condicionado -- Estimulo neutro -- Aprendizaje instrumental y operante -- Condicionamiento operante -- Aplicaci&#xF3;n de los principios del condicionamiento operante -- Reforzadores positivos y negativos reforzamiento primario y secundario -- Las respuestas como reforzadores -- Programa de refuerzo -- Adquisici&#xF3;n de respuestas -- Extinsi&#xF3;n de respuestas -- Reforzamiento parcial y extinci&#xF3;n -- Generalizaci&#xF3;n -- Discriminaci&#xF3;n </subfield>
  </datafield>
  <datafield tag="520" ind1=" " ind2=" ">
    <subfield code="a">este libro trata de ladefinici&#xF3;n de psicolog&#xED;a educativa. La psicolog&#xED;a educativa es una rama de la psicolog&#xED;a cuyo objeto de estudio son las formas en las que se produce el aprendizaje humano dentro de los centros educativos. De esta forma, la psicolog&#xED;a educativa estudia c&#xF3;mo aprenden los estudiantes y en qu&#xE9; forma se desarrollan.</subfield>
  </datafield>
  <datafield tag="650" ind1=" " ind2="0">
    <subfield code="a">PSICOLOG&#xCD;A DEL APRENDIZAJE</subfield>
  </datafield>
  <datafield tag="650" ind1=" " ind2="0">
    <subfield code="a">APRENDIZAJE ESCOLAR</subfield>
    <subfield code="9">5697</subfield>
  </datafield>
  <datafield tag="650" ind1=" " ind2="0">
    <subfield code="a">FASES DEL APRENDIZAJE</subfield>
    <subfield code="9">5698</subfield>
  </datafield>
  <datafield tag="653" ind1=" " ind2=" ">
    <subfield code="a">EDUCACI&#xD3;N</subfield>
    <subfield code="a">PSICOLOG&#xCD;A</subfield>
    <subfield code="a">APRENDIZAJE</subfield>
  </datafield>
  <datafield tag="700" ind1=" " ind2=" ">
    <subfield code="a">Edilberto N. Saavedra Alem&#xE1;n</subfield>
    <subfield code="e">Coautor</subfield>
  </datafield>
  <datafield tag="942" ind1=" " ind2=" ">
    <subfield code="2">ddc</subfield>
    <subfield code="c">BK</subfield>
    <subfield code="z">Celinda Molina Chirinos</subfield>
  </datafield>
  <datafield tag="952" ind1=" " ind2=" ">
    <subfield code="0">0</subfield>
    <subfield code="1">0</subfield>
    <subfield code="2">ddc</subfield>
    <subfield code="4">0</subfield>
    <subfield code="7">0</subfield>
    <subfield code="8">EPEF2</subfield>
    <subfield code="a">BABA</subfield>
    <subfield code="b">BABA</subfield>
    <subfield code="c">SALA2</subfield>
    <subfield code="e">CP</subfield>
    <subfield code="o">370.15 P77 1983</subfield>
    <subfield code="p">BABA17050031</subfield>
    <subfield code="t">ej.5</subfield>
    <subfield code="w">2017-05-05</subfield>
    <subfield code="y">BK</subfield>
    <subfield code="k">05/05/2017</subfield>
  </datafield>
  <datafield tag="952" ind1=" " ind2=" ">
    <subfield code="0">0</subfield>
    <subfield code="1">0</subfield>
    <subfield code="2">ddc</subfield>
    <subfield code="4">0</subfield>
    <subfield code="7">0</subfield>
    <subfield code="8">EPEF2</subfield>
    <subfield code="a">BABA</subfield>
    <subfield code="b">BABA</subfield>
    <subfield code="c">SALA2</subfield>
    <subfield code="e">CP</subfield>
    <subfield code="o">370.15 P77 1984</subfield>
    <subfield code="p">BABA17050032</subfield>
    <subfield code="t">ej.1</subfield>
    <subfield code="w">2017-05-05</subfield>
    <subfield code="y">BK</subfield>
    <subfield code="k">05/05/2017</subfield>
  </datafield>
  <datafield tag="952" ind1=" " ind2=" ">
    <subfield code="0">0</subfield>
    <subfield code="1">0</subfield>
    <subfield code="2">ddc</subfield>
    <subfield code="4">0</subfield>
    <subfield code="7">0</subfield>
    <subfield code="8">EPEF2</subfield>
    <subfield code="a">BABA</subfield>
    <subfield code="b">BABA</subfield>
    <subfield code="c">SALA2</subfield>
    <subfield code="e">CP</subfield>
    <subfield code="o">370.15 P77 1983</subfield>
    <subfield code="p">BABA17050033</subfield>
    <subfield code="t">ej.3</subfield>
    <subfield code="w">2017-05-05</subfield>
    <subfield code="y">BK</subfield>
    <subfield code="k">05/05/2017</subfield>
  </datafield>
  <datafield tag="999" ind1=" " ind2=" ">
    <subfield code="c">918</subfield>
    <subfield code="d">918</subfield>
  </datafield>
</record>
